Acta de conclusiones aprobadas en la Conferencia de Cámaras y Asociaciones Americanas de Comercio : inaugurada el 21 de octubre y clausurada el 26 del mismo mes inaugurada el 21 de octubre y clausurada el 26 del mismo mes
MARC
| LEADER | 00000nam a2200000Ia 4500 | ||
|---|---|---|---|
| 001 | 16663 | ||
| 008 | 160829s1929 xx 000 0 cat d | ||
| 080 | |a RF-15-12 | ||
| 100 | |a Conferencia de Cámaras y Asociaciones Americanas de Comercio (1929 : Barcelona) |9 47025 | ||
| 245 | |a Acta de conclusiones aprobadas en la Conferencia de Cámaras y Asociaciones Americanas de Comercio : |b inaugurada el 21 de octubre y clausurada el 26 del mismo mes | ||
| 260 | |a Barcelona : |b El Consultor Bibliográfico, |c 1929 | ||
| 300 | |a 26 p. ; |c 23 cm | ||
| 590 | |a Prové de 3930, exp. 705 | ||
| 650 | |a Cambres de comerç |x Espanya |x Congressos |9 47026 | ||
| 856 | 4 | |u https://media.diba.cat/diba/fitxers/arxiu/fulletons/bib_16663_1929_baixa.pdf |y Accés lliure | |
| 856 | 4 | |u https://media.diba.cat/diba/fitxers/arxiu/fulletons/bib_16663_1929_baixa.pdf |y Accés lliure | |
| 901 | |a Arxiu | ||
| 942 | |n 1 |2 udc | ||
| 952 | |0 0 |1 0 |4 0 |6 RF1512 |7 1 |9 53605 |a Arxiu |b Arxiu |d 2016-12-01 |l 0 |o RF-15-12 |p 16663 |r 2016-12-01 00:00:00 |w 2016-12-01 |y ARXIU | ||
| 999 | |c 57471 |d 57471 | ||
| 900 | |a bib_16663_1929_baixa.pdf | ||